|
|
|
|
| LEADER |
01213nam a2200301 a 4500 |
| 001 |
GR-MES8840 |
| 008 |
030908r19972002xk 000 0 eng d |
| 020 |
|
|
|a 0596000456
|
| 040 |
|
|
|a GrPaTEI
|b gre
|c GR-PaULI
|
| 040 |
|
|
|a GrPaTEI
|b gre
|c GR-PaULI
|
| 044 |
|
|
|a en
|
| 082 |
|
0 |
|a 005.8
|2 21
|
| 100 |
1 |
|
|a Garfinkel, Simson
|
| 245 |
1 |
0 |
|a Web Security, Privacy, and Commerce /
|c Simson Garfinkel with ; Gene Spafford.
|
| 250 |
|
|
|a 2nd
|
| 260 |
|
|
|a Sebastopol :
|b O' Reilly & Associates,
|c 2002
|
| 300 |
|
|
|a 756σ. ;
|c 24εκ.
|
| 490 |
0 |
|
|a Security for users, Administrators & ISPs
|
| 500 |
|
|
|a Περιλαμβάνει ευρετήριο
|
| 504 |
|
|
|a Περιέχει παραρτήματα
|
| 650 |
|
4 |
|a WORLD WIDE WEB
|x ΜΕΤΡΑ ΑΣΦΑΛΕΙΑΣ
|
| 650 |
|
4 |
|a ΔΙΚΤΥΑ ΥΠΟΛΟΓΙΣΤΩΝ
|x ΜΕΤΡΑ ΑΣΦΑΛΕΙΑΣ
|
| 650 |
|
4 |
|a ΙΣΤΟΣΕΛΙΔΕΣ
|x ΜΕΤΡΑ ΑΣΦΑΛΕΙΑΣ
|
| 700 |
1 |
|
|a SPAFFORD, GENE
|
| 942 |
|
|
|2 ddc
|
| 952 |
|
|
|0 0
|1 0
|2 ddc
|4 0
|6 005_800000000000000_GAR
|7 0
|9 279175
|a MSLG
|b MSLG
|c BSC
|d 2021-01-17
|e 24
|f 0
|g 0.00
|l 0
|o 005.8 GAR
|p 2420000019023
|r 2021-01-17 00:00:00
|t 1
|w 2021-01-17
|y BK15
|x 20030908 0 1
|x GrPaTEI
|
| 971 |
|
|
|a .b25873118
|b 07-10-20
|c 14-09-16
|
| 999 |
|
|
|c 162631
|d 162631
|